Every Character mentioned in Percy Jackson-the Lightning Thief - Statistics

General Stats
  • This quiz has been taken 37 times
    13 since last reset
  • The average score is 28 of 52
Answer Stats
Times Mentioned Answer % Correct
346 Annabeth Chase
100%
11 Aphrodite
100%
11 Apollo
100%
105 Ares
100%
4 Artemis
100%
43 Clarisse La Rue
100%
73 Gabe Ugliano
100%
434 Grover Underwood
100%
91 Hades
100%
17 Hermes
100%
81 Luke Castellan
100%
248 Percy Jackson
100%
83 Poseidon
100%
104 Zeus
100%
3 Demeter
89%
68 Dionysus
89%
11 Hephaestus
89%
4 Hera
89%
22 Minotaur
89%
222 Mr Brunner/Chiron
89%
14 Sally Jackson
89%
23 Athena
78%
6 Iris
67%
54 Medusa/Aunty Em
67%
18 Thalia Grace
67%
25 Kronos
56%
21 Nancy Bobofit
56%
19 The Oracle
56%
17 Chimera
44%
51 Ms Dodds/Alecto
44%
24 Cerberus
33%
28 Charon
33%
1 Nemesis
33%
10 Echidna
22%
1 King Minos
22%
12 Pan
22%
9 Argus
11%
6 Hercules
11%
21 Pocrustes/Crusty
11%
5 Barbara
0%
3 Darrin
0%
5 Eddie (Supe)
0%
5 Eddie (Truck Driver)
0%
8 Gladiola
0%
2 Houdini
0%
5 Maurice
0%
1 Mr Nicoll
0%
3 Orpheus
0%
2 Prometheus
0%
1 Shakespeare
0%
1 Thomas Jefferson
0%
5 Uncle Ferdinand
0%
No matching quizzes found
Score Distribution
Percent of People with Each Score
Percentile by Number Answered
Your Score History
You have not taken this quiz since the last reset